Logo Biblioteca

Hoy no es mi día / (Registro nro. 923)

Detalles MARC
000 -LEADER
fixed length control field 01712nam a22003017a 4500
003 - CONTROL NUMBER IDENTIFIER
control field AR-RoUNCS
005 - DATE AND TIME OF LATEST TRANSACTION
control field 20260226093720.0
007 - PHYSICAL DESCRIPTION FIXED FIELD--GENERAL INFORMATION
fixed length control field ta
008 - FIXED-LENGTH DATA ELEMENTS--GENERAL INFORMATION
fixed length control field 160902s2015 ag a dr 000 f spa
015 ## - NATIONAL BIBLIOGRAPHY NUMBER
National bibliography number AR-2015
020 ## - INTERNATIONAL STANDARD BOOK NUMBER
International Standard Book Number 978-987-504-136-3
040 ## - CATALOGING SOURCE
Original cataloging agency AR-BaBN
Language of cataloging spa
Transcribing agency AR-RoUNCS
Description conventions aacr
044 ## - COUNTRY OF PUBLISHING/PRODUCING ENTITY CODE
MARC country code ag
ISO country code ar-c
080 1# - UNIVERSAL DECIMAL CLASSIFICATION NUMBER
Universal Decimal Classification number 82-32(82)
Edition identifier 2016
100 1# - MAIN ENTRY--PERSONAL NAME
Personal name Falconi, María Inés,
Dates associated with a name 1954-
Relator term autora
Relationship aut
245 10 - TITLE STATEMENT
Title Hoy no es mi día /
Statement of responsibility, etc. María Inés Falconi ; ilustración de tapa Sabrina Florio.
250 ## - EDITION STATEMENT
Edition statement 2a ed.
260 ## - PUBLICATION, DISTRIBUTION, ETC.
Place of publication, distribution, etc. Buenos Aires :
Name of publisher, distributor, etc. Quipu,
Date of publication, distribution, etc. 2015.
300 ## - PHYSICAL DESCRIPTION
Extent 175 p. :
Other physical details il. ;
Dimensions 21 cm.
490 0# - SERIES STATEMENT
Series statement Colección Zona Límite
520 3# - SUMMARY, ETC.
Summary, etc. «¿Alguna vez todo te salió tan mal que pensaste que el destino estaba en contra tuyo? Esos días donde todo parece al revés, y solo pensás en gritar: “¡HOY NO ES MI DÍA!”. Valen, Ana y Ezequiel, son tres adolescentes que empiezan mal el día en distintos lugares pero, cuyas historias se irán entrelazando de una forma inimaginable. Un viaje extraordinario y fantástico, una amistad en peligro, la elección entre ser como todos o defender sus ideales son solo algunas de las situaciones que deberán enfrentar los personajes de esta novela. María Inés Falconi, autora de la famosa saga para niños y adolescentes "Caídos del Mapa", nos acerca otra increíble historia llena de emoción y aventuras, rodeada de la problemática social actual que viven los adolescentes.»
Assigning source (Descripción del editor).
521 1# - TARGET AUDIENCE NOTE
Target audience note Edad sugerida desde los 15 años.
650 #7 - SUBJECT ADDED ENTRY--TOPICAL TERM
Source of heading or term embne
Topical term or geographic name entry element Literatura argentina
655 #7 - INDEX TERM--GENRE/FORM
Genre/form data or focus term Novelas cortas
655 #7 - INDEX TERM--GENRE/FORM
Genre/form data or focus term Novelas juveniles
700 1# - ADDED ENTRY--PERSONAL NAME
Personal name Florio, Sabrina,
Dates associated with a name 1983-
Relator term ilustradora
Relationship ill
942 ## - ADDED ENTRY ELEMENTS (KOHA)
Source of classification or shelving scheme Universal Decimal Classification
Koha item type Obra General
Suppress in OPAC No
Existencias
Withdrawn status Lost status Source of classification or shelving scheme Damaged status Not for loan Collection Home library Current library Date acquired Source of acquisition Total checkouts Full call number Barcode Date last seen Price effective from Koha item type
    Universal Decimal Classification     Colección General Biblioteca Escuela de Ciencias Sociales Biblioteca Escuela de Ciencias Sociales 26/02/2026 Donación 2023   82-32(82) F184 000492 26/02/2026 26/02/2026 Obra General
Biblioteca de la Escuela Preuniversitaria en Ciencias Sociales y Humanísticas.
Riobamba 250 bis.
CP 2000 - Rosario - Santa Fe
E-Mail: biblioteca@esociales.unr.edu.ar